Animated Movies by Description #1 - Statistics

General Stats
  • This quiz has been taken 111 times
  • The average score is 12 of 15
Answer Stats
Description Movie % Correct
An Old Man accomplishes his dream to go to Paradise Falls with thousands of ballons tied to his house. Up
99%
A Racing Car tries to reach the Race Curcuit before other Cars, but it ends up in a town on Route 66. Cars
98%
This movie depits the adventure of a Father Clownfish's jorney from Great Barrier Reef to Sydney looking for his son. Finding Nemo
98%
An Elephant borned with abnormally large ears, giving him the ability to fly. Dumbo
95%
With the evil Queen in pursuit, a princess hides with some short people. She’s then poisoned, but a prince comes to her rescue with a kiss. Snow White and the Seven Dwarfs
90%
This Sci-Fi Movie had a robot who collected waste and turn it into cubes. He later helped in re-establishing the population on the inhabitable Earth Wall-E
90%
Anyone can cook! Even a Rat! A French Rat uses his God given gifts to become an amzing Chef. Ratatouille
89%
A Family of Superhero, while trying to live the quiet suburban life, are forced into action to save the world. Incredibles
86%
5 Emotions, Joy, Fear, Anger, Disgust and Sadness help an 11 year old girl adjust to her new life in San Francisco. Inside Out
85%
When a Cub's father is killed by his uncle, he left his home and came back after several years to take revenge. The Lion King
85%
A Dog, who thinks that he is a Super Dog, accidentally reached NYC from Los Angeles, away from his owner. He travels all the way back to Los Angles and realise that he isn't a Super Dog. Bolt
80%
A Viking captures a Toothless creature and trained it to prove that he is worth to his tribe. How to Train Your Dragon
77%
This Stop Motion Animated Movie shows how a Sheep rescued his farmer from a hospital and a barber shop after he lost his memory Shaun The Sheep Movie
57%
When a dow owner brings a new dog to their home, the original dog gets mad, and tries his best to make the other dog move out of house. The Secret Life of Pets
53%
When an evil person attacks and kills a superhero from Brooklyn, several similar type of superheros come from different dimensions to protect Brooklyn. Spider-Man: Into the Spider Verse
47%
No matching quizzes found
Score Distribution
Percent of People with Each Score
Percentile by Number Answered
Your Score History
You have not taken this quiz